Biblioteca

More hard sayings of the New Testament (Registro nro. 64464)

Detalles MARC
000 -LÍDER
Campo fijo de descripción fija 01615nam a22003374i 4500
001 - NÚMERO DE CONTROL
Campo de control 1070407
003 - IDENTIFICADOR DEL NÚMERO DE CONTROL
Campo de control CO-MdFUSB
005 - FECHA Y HORA DE LA ULTIMA TRANSACCIÓN
control field 20180903121424.0
008 - ELEMENTOS DE LONGITUD FIJA -- INFORMACIÓN GENERAL
Campo fijo de descripción fija -- Información general 910524s1991 ilu b 001 0 eng
010 ## - NÚMERO DE CONTROL DE LA BIBLIOTECA DEL CONGRESO
Número de control LC 91022655
020 ## - NÚMERO INTERNACIONAL NORMALIZADO PARA LIBROS
Número Internacional Normalizado del libro 0830817476 (alk. paper)
040 ## - FUENTE DE CATALOGACIÓN
Agencia de catalogación original DLC
Agencia que realiza la modificación DLC
Idioma de catalogación spa
Agencia que realiza la transcripción CO-MdFUSB
Convenciones de la descripción rda
041 ## - CÓDIGO DE IDIOMA
Código de idioma para texto/pista de sonido o título separado eng
082 00 - NÚMERO DE CLASIFICACIÓN DECIMAL DEWEY
Número de clasificación 225.7
Número de la edición del Dewey 23
Clave de autor-Numero de item D251
100 1# - ASIENTO PRINCIPAL--NOMBRE PERSONAL
Nombre personal Davids, Peter H.
Término relacionador autor
245 10 - TÍTULO
Título del Material More hard sayings of the New Testament
Mención de responsabilidad, etc. / Peter H. Davids.
260 ## - PUBLICACIÓN, DISTRIBUCIÓN, ETC. (PIE DE IMPRENTA)
Nombre del editor, distribuidor, etc. InterVarsity Press,
264 #1 - PRODUCCIÓN, PUBLICACIÓN, DISTRIBUCIÓN, MANUFACTURA, Y COPYRIGHT
Lugar de producción, publicación, distribución, manufactura Downers Grove, Ill. USA :
Nombre del productor, publicador, distribuidor InterVarsity Press,
Fecha de producción, publicación, distribución, manufactura, o copyright ℗[1991]
264 #4 - PRODUCCIÓN, PUBLICACIÓN, DISTRIBUCIÓN, MANUFACTURA, Y COPYRIGHT
Fecha de producción, publicación, distribución, manufactura, o copyright ©1991
300 ## - DESCRIPCIÓN FÍSICA
Extensión 311 páginas ;
Dimensiones 21 cm.
336 ## - TIPO DE CONTENIDO
Fuente rdacontent
Término de tipo de contenido texto
Código de tipo de contenido txt
337 ## - TIPO DE MEDIO
Fuente rdamedia
Nombre del tipo de medio sin mediación
Código del tipo de medio n
338 ## - TIPO DE SOPORTE
Fuente rdacarrier
Nombre del tipo de soporte volumen
Código Tipo de soporte nc
505 ## - NOTA DE CONTENIDO
Nota de contenido con formato preestablecido Prefacio -- Introducción -- Envíanos a la manada de cerdos -- El no les dejaría hablar -- Nadie ha visto a Dios -- ¿Cómo murió Judas? -- Ellos echaron suertes -- La salvación no se encuentra en ningún otro -- Ellos compartieron todas las cosas que tenían -- ¿Como puedes tentar el Espíritu de Dios? -- Todos excepto los apóstoles fueron dispersados -- Bautizado pero sin el Espíritu Santo -- Debe ser un ángel -- ¿Cuan a la ley judía deberían vivir los cristianos? -- Él lo circuncidó -- ¿Recibisteis el Espíritu Santo?
563 ## - NOTA DE ENCUADERNACIÓN
Nota de encuadernación Tapa rústica
630 07 - TITULO UNIFORME
Título uniforme Biblia.
Nombre de parte o sección de la obra Nuevo Testamento
906 ## - LOCAL DATA ELEMENT F, LDF (RLIN)
a 7
b cbc
c orignew
d 1
e ocip
f 19
g y-gencatlg
942 ## - TIPO DE MATERIAL (KOHA)
Tipo de Item KOHA Libros General
Existencias
Estado de Material Estado de Perdido Forma de Clasificación Estado de Dañado No para Préstamo Colección Biblioteca de Origen Biblioteca Permanente Fecha de Adquisición Total de Préstamos Signatura Topográfica Código de Barras Última vez visto Ejemplar/Existencia Fecha de Remplazo Tipo de Material
    Dewey Decimal Classification     Colección General Biblioteca FUSBC Biblioteca FUSBC 29/08/2018   G 225.7 D251h 4002 12/12/2019 Ej. 1 29/08/2018 Libros General

Biblioteca FUSBC | Teléfono: (57+4) 349 88 10 Ext. 141| WhatsApp (+57) 3005338115 
E-mail: biblioteca@unisbc.edu.co | Calle 76 87-14 Robledo Palenque, Medellín, Colombia

Con tecnología Koha